书目信息 |
| 题名: |
家园共育课程
|
|
| 作者: | 董颖春 著 | |
| 分册: | ||
| 出版信息: | 上海 复旦大学出版社有限公司 2019.10 |
|
| 页数: | 117页 | |
| 开本: | 24cm | |
| 丛书名: | ||
| 单 册: | ||
| 中图分类: | G612 | |
| 科图分类: | ||
| 主题词: | 学前教育--教学研究 | |
| 电子资源: | ||
| ISBN: | 978-7-309-14446-8 | |
| 000 | 00916nam0 2200241 450 | |
| 001 | 0103152657 | |
| 005 | 20201103152732.0 | |
| 010 | @a978-7-309-14446-8@dCNY35.00 | |
| 100 | @a20191124d2019 em y0chiy50 ea | |
| 101 | 0 | @achi |
| 102 | @aCN@b310000 | |
| 105 | @ay z 000yy | |
| 106 | @ar | |
| 200 | 1 | @a家园共育课程@Ajia yuan gong yu ke cheng@f董颖春著 |
| 210 | @a上海@c复旦大学出版社有限公司@d2019.10 | |
| 215 | @a117页@d24cm | |
| 300 | @a全国幼儿园特色课程系列 | |
| 330 | @a本书通过对家长工作的深入解读,从家委会的筹备、家园共育课程的诞生、家园共育课程实践三方面详细论述了幼儿园家园共育课程的构建与实施。书中囊括了幼儿园部分家园共育课程实践活动,从这些活动中可以看出,幼儿园与家庭建立了一种合作、互补的关系,家长工作逐步走向成熟。 | |
| 606 | 0 | @a学前教育@x教学研究 |
| 690 | @aG612@v5 | |
| 701 | 0 | @a董颖春@Adong ying chun@c(女)@4著 |
| 801 | 0 | @aCN@bBJSZM@c20201103 |
| 905 | @b1257416-20@dG612@e1091@f5 | |
| 家园共育课程/董颖春著.-上海:复旦大学出版社有限公司,2019.10 |
| 117页;24cm |
| 全国幼儿园特色课程系列 |
| ISBN 978-7-309-14446-8:CNY35.00 |
| 本书通过对家长工作的深入解读,从家委会的筹备、家园共育课程的诞生、家园共育课程实践三方面详细论述了幼儿园家园共育课程的构建与实施。书中囊括了幼儿园部分家园共育课程实践活动,从这些活动中可以看出,幼儿园与家庭建立了一种合作、互补的关系,家长工作逐步走向成熟。 |
| ● |
| 相关链接 |
|
|
|
|
正题名:家园共育课程
索取号:G612/1091
 
预约/预借
| 序号 | 登录号 | 条形码 | 馆藏地/架位号 | 状态 | 备注 |
| 1 | 1257416 | 212574169 | 第一样本阅览室/ [索取号:G612/1091] | 在馆 | |
| 2 | 1257417 | 212574178 | 教育系资料室/ [索取号:G612/1091] | 在馆 | |
| 3 | 1257418 | 212574187 | 教育系资料室/ [索取号:G612/1091] | 在馆 | |
| 4 | 1257419 | 212574196 | 第四借阅区/ [索取号:G612/1091] | 在馆 | |
| 5 | 1257420 | 212574203 | 第四借阅区/ [索取号:G612/1091] | 在馆 |